000 02870cam a22005774i 4500
003 PE-LiUPU
005 20250731180145.0
008 150706s r 000 0 d
020 _a9786124581854
035 _a(Sirsi) i9786124581854
040 _aPE-LiUPU
_bspa
_cPE-LiUPU
_erda
049 _aPRUA
082 0 4 _a583.4785
_bO83
_221
100 1 _aOstolaza Nano, Carlos,
_eautor.
245 1 0 _a101 cactus del Perú /
_cCarlos Ostolaza Nano.
264 1 _aLima :
_bMinisterio del Ambiente,
_c2011.
300 _a253 páginas :
_bilustraciones ;
_c25 cm.
336 _atext
_2rdacontent
337 _aunmediated
_2rdamedia
338 _avolume
_2rdacarrier
504 _aIncluye bibliografía.
505 0 _aDistribución -- Tallos, costillas, tubérculos y raíces -- Areolas -- Espinas, gloquidios y tricomas -- Flores y hojas -- Frutos y semillas -- Suculencia -- Cactus variegados -- Crestas y monstruos -- Plantas nodrizas -- Géneros y especies -- Armatocereus -- Austrocylindropuntia -- Borzicatus -- Brasiliopuntia -- Browningia -- Calymmanthium -- Cereus -- Cleistocactus -- Corrycactus -- Cumulopuntia -- Echinopsis -- Epiphyllum -- Espostoa -- Eulychnia -- Haageocereus -- Hylocereus -- Islaya -- Lasiocereus -- Loxanthocereus -- Matucana -- Melocactus -- Mila -- Monvillea -- Neoraimondia -- Neowerdermannia -- Opuntia -- Oreocereus -- Oroya -- Pereskia -- Pfeiffera -- Pilosocereus -- Pseudorhipsalis -- Pygmaeocereus -- Rauhocereus -- Rhipsalis -- Selenicereus -- Tunilla -- Weberbauerocereus.
526 _aSEG44
526 _aSEG26
526 _aP159
526 _aP155
526 _aP154
526 _aP153
526 _aP150
526 _aP100
526 _aP31
526 _aP30
526 _aP26
526 _aP25
526 _aP24
526 _aP22
526 _aP15
526 _aP10
650 0 4 _aCactus
_zPerú
_vNomenclatura.
700 1 _aKiesling, Roberto,
_eprol.
910 _agl
_cjck
_d20111007
942 _2ddc
_cBOOK
949 _a583.4785 O83
_wDEWEY
_c1
_i63764
_lCCODEBUL1
_mBUL
_p25.00
_r0
_sY
_tBOOK
_u2015-7-6
_xBIBLIOTECA
_zUNKNOWN
_o.STAFF. Colección General
949 _a583.4785 O83
_wDEWEY
_c2
_i63763
_lCCODEBUL1
_mBUL
_p25.00
_r0
_sY
_tBOOK
_u2015-7-6
_xBIBLIOTECA
_zUNKNOWN
_o.STAFF. Colección General
994 _aC0
_bPEPRU
596 _a1
999 _a583.4785 O83
_wDEWEY
_c52660
_i63764
_d52660
_e2018-11-23
_f2021-11-8
_g5
_lCCODEBUL1
_mBUL
_n3
_p25.00
_r0
_sY
_tBOOK
_u2015-7-6
_xEDUCACION
_zUNKNOWN
_0COMPRA
_o.STAFF. Colección General
999 _a583.4785 O83
_wDEWEY
_c2
_i63763
_d2019-8-29
_e2019-8-4
_f2021-11-8
_g5
_lCCODEBUL1
_mBUL
_n4
_p25.00
_r0
_sY
_tBOOK
_u2015-7-6
_xEDUCACION
_zUNKNOWN
_0COMPRA
_o.STAFF. Colección General
980 _81
_gALBERTO SANCHEZ Responsable de Automatización